The Siva samhita / (Record no. 13678)

MARC details
000 -LEADER
fixed length control field 00847nam a22002177a 4500
005 - DATE AND TIME OF LATEST TRANSACTION
control field 20080616123856.0
008 - FIXED-LENGTH DATA ELEMENTS--GENERAL INFORMATION
fixed length control field 080616t xxu||||| |||| 00| 0 eng d
010 ## - LIBRARY OF CONGRESS CONTROL NUMBER
LC control number ENG-90310
020 ## - INTERNATIONAL STANDARD BOOK NUMBER
International Standard Book Number 8121505079
Terms of availability 150.00
035 ## - SYSTEM CONTROL NUMBER
System control number EN-73843
037 ## - SOURCE OF ACQUISITION
Source of stock number/acquisition DBAD / PUB
040 ## - CATALOGING SOURCE
Original cataloging agency DPL
Language of cataloging EN
082 ## - DEWEY DECIMAL CLASSIFICATION NUMBER
Classification number 220.22
245 ## - TITLE STATEMENT
Title The Siva samhita /
Statement of responsibility, etc translated into English by Rai Bahadur Srisa Chandra Vasu
260 ## - PUBLICATION, DISTRIBUTION, ETC. (IMPRINT)
Place of publication, distribution, etc New Delhi
Name of publisher, distributor, etc Munshiram Manoharlal Publishers
Date of publication, distribution, etc 2008
270 ## - ADDRESS
Address Post Box 5715, 54 Rani Jhansi Road,
City New Delhi
Postal code 110055
300 ## - PHYSICAL DESCRIPTION
Extent 87p.
Dimensions 23 cm (Hb)
700 ## - ADDED ENTRY--PERSONAL NAME
Personal name Rai Bahadur Srisa Chandra Vasu
942 ## - ADDED ENTRY ELEMENTS (KOHA)
Koha item type English Books
Classification part 220.22
Source of classification or shelving scheme Dewey Decimal Classification
Call number suffix SIV
Holdings
Withdrawn status Lost status Damaged status Not for loan Collection code Home library Current library Date acquired Source of acquisition Cost, normal purchase price Total Checkouts Full call number Barcode Date last seen Copy number Cost, replacement price Price effective from Koha item type
      Not For Loan Non-fiction D.B.Act.Division D.B.Act.Division 16/06/2008 DBAD / PUB 150.00   220.22 SIV EN-73843 15/09/2008 1 150.00 15/09/2008 English Books

© Delhi Public Library
Hit Counter
free hit counter